Reinforced concrete constructions for multistoreyed structures: (Record no. 192567)

MARC details
000 -LEADER
fixed length control field 00609nam a22001817a 4500
005 - DATE AND TIME OF LATEST TRANSACTION
control field 20220927115016.0
010 ## - LCCN (DPL NO)
LC control number ENG-135191
020 ## - INTERNATIONAL STANDARD BOOK NUMBER
International Standard Book Number 9788191940209
Terms of availability 990.00
035 ## - SYSTEM CONTROL NUMBER
System control number EN-118723
037 ## - SOURCE OF ACQUISITION
Source of stock number/acquisition DBAD/PUB
082 ## - DEWEY DECIMAL CLASSIFICATION NUMBER
Classification number 524.183410954
100 ## - MAIN ENTRY--PERSONAL NAME
Personal name Meghashyam,Kollegal.K.
245 ## - TITLE STATEMENT
Title Reinforced concrete constructions for multistoreyed structures:
Statement of responsibility, etc by Kollegal.K.Meghashyam
Remainder of title in earthquake prone areas/
260 ## - PUBLICATION, DISTRIBUTION, ETC. (IMPRINT)
Place of publication, distribution, etc Delhi
Name of publisher, distributor, etc J.M.Jaina & Brothers
Date of publication, distribution, etc 2010
270 ## - ADDRESS
Address 3622,Mori Gate,
City Delhi
Postal code 110006
300 ## - PHYSICAL DESCRIPTION
Extent 362p.:
Dimensions 27cm(pbk)
Other physical details illus.
942 ## - ADDED ENTRY ELEMENTS (KOHA)
Source of classification or shelving scheme Dewey Decimal Classification
Item type English Books
Classification part 524.183410954
Call number suffix MEG
Holdings
Withdrawn status Lost status Not for loan Collection code Home library Current library Date acquired Source of acquisition Cost, normal purchase price Full call number Barcode Copy number Cost, replacement price Koha item type
      Non-fiction Bawana Bawana 27/09/2022 DBAD/PUB 990.00 524.183410954 MEG EN-118723 1 990.00 English Books

© Delhi Public Library
Hit Counter
free hit counter